Statistics for NBA All-time Starting Lineups By Team (My Opinion)(READ DESCRIPTION)

Click here to take the quiz!

General Stats

  • This quiz has been taken 49 times
  • The average score is 107 of 150

Answer Stats

PositionJersey # worn on teamPlayerTeam% Correct
SF:#23Lebron JamesCavaliers
95%
SF:#6Lebron JamesHeat
95%
SF:#6Lebron JamesLakers
95%
C:#6Bill RussellCeltics
92%
PF:#30David WestPelicans
92%
C:#32Shaquille O'nealMagic
92%
C:#32Shaquille O'nealHeat
92%
C:#32Shaquille O'nealSuns
92%
C:#34Shaquille O'nealLakers
92%
C:#33Shaquille O'nealCavaliers
92%
C:#33Kareem Abdul-JabbarBucks
89%
PF:#33Kareem Abdul-JabbarLakers
89%
SG:#24Kobe BryantLakers
89%
SG:#23Michael JordanBulls
89%
PG:#30Steph CurryWarriors
89%
PG:#3Chris PaulPelicans
87%
PG:#3Chris PaulClippers
87%
SG:#30Dell CurryHornets
87%
SF:#7Kevin DurantNets
87%
SF:#35Kevin DurantSuns
87%
PF:#35Kevin DurantWarriors
87%
SF:#35Kevin DurantThunder/SuperSonics
87%
SG:#11Klay ThompsonWarriors
87%
PG:#11Kyrie IrvingNets
87%
PG:#2Kyrie IrvingCavaliers
87%
SF:#33Larry BirdCeltics
87%
PG:#32Magic JohnsonLakers
87%
SF:#34Charles Barkley76ers
84%
PF:#41Dirk NowitzkiMavericks
84%
SG:#3Dwayne WadeHeat
84%
SG:#3Dwayne WadeCavaliers
84%
PF:#34Giannis AntetokounmpoBucks
84%
PF:#34Hakeem OlajuwonRockets
84%
SF:#2Kawhi LeonardClippers
84%
SF:#2Kawhi LeonardSpurs
84%
PG:#3Allen Iverson76ers
82%
SG:#3Allen IversonNuggets
82%
SF:#7Carmelo AnthonyKnicks
82%
PF:#15Carmelo AnthonyNuggets
82%
PF:#1Chris BoshHeat
82%
PF:#4Chris BoshRaptors
82%
PF:#91Dennis RodmanBulls
82%
PG:#1Derrick RoseBulls
82%
PG:#13James HardenRockets
82%
SG:#5Jason KiddNets
82%
SG:#2Jason KiddMavericks
82%
SG:#6Julius Erving76ers
82%
PF:#2Kevin GarnettNets
82%
PF:#5Kevin GarnettCeltics
82%
C:#21Kevin GarnettTimberwolves
82%
PF:#42Kevin LoveTimberwolves
82%
SG:#20Manu GinobiliSpurs
82%
SG:#13Paul GeorgeClippers
82%
SF:#24Paul GeorgePacers
82%
PG:#0Russell WestbrookThunder/SuperSonics
82%
SF:#33Scottie PippenBulls
82%
PF:#21Tim DuncanSpurs
82%
SF:#15Vince CarterRaptors
82%
SF:#15Vince CarterMagic
82%
SF:#15Vince CarterGrizzlies
82%
C:#13Wilt ChamberlainWarriors
82%
C:#13Wilt Chamberlain76ers
82%
C:#50David RobinsonSpurs
79%
PG:#12John StocktonJazz
79%
PF:#32Karl MaloneJazz
79%
PF:#2Moses Malone76ers
79%
C:#24Moses MaloneRockets
79%
C:#15Nikola JokicNuggets
79%
PF:#16Pau GasolGrizzlies
79%
PG:#9Tony ParkerSpurs
79%
C:#23Anthony DavisPelicans
76%
SG:#1Baron DavisPelicans
76%
SF:#22Clyde DrexlerTrail Blazers
76%
SG:#22Clyde DrexlerRockets
76%
PG:#0Damian LillardTrail Blazers
76%
PG:#11Isiah ThomasPistons
76%
PG:#2John WallWizards/Bullets
76%
PG:#14Oscar RobertsonKings/Royals
76%
PG:#1Oscar RobertsonBucks
76%
PG:#1Penny HardawayMagic
76%
PG:#13Steve NashSuns
76%
PG:#13Steve NashMavericks
76%
PG:#10Tim HardawayHeat
76%
PG:#14Bob CousyCeltics
74%
PG:#15Kemba WalkerHornets
74%
SF:#2Larry JohnsonHornets
74%
C:#33Patrick EwingKnicks
74%
SF:#34Ray AllenBucks
74%
SG:#31Reggie MillerPacers
74%
PF:#32Blake GriffinClippers
71%
PF:#9Bob PettitHawks
71%
C:#12Dwight HowardHornets
71%
PF:#12Dwight HowardMagic
71%
SG:#20Gary PaytonThunder/SuperSonics
71%
SG:#12Ja MorantGrizzlies
71%
PF:#40Shawn KempThunder/SuperSonics
71%
SF:#3Tracy McGradyRockets
71%
SG:#1Tracy McgradyMagic
71%
SG:#1Devin BookerSuns
68%
C:#55Dikembe MutomboHawks
68%
SG:#17John HavlicekCeltics
68%
PG:#11Trae YoungHawks
68%
PF:#3Ben WallacePistons
66%
PG:#7Kyle LowryRaptors
66%
SF:#2Alex EnglishNuggets
63%
C:#32Bill WaltonTrail Blazers
63%
SF:#3Bradley BealWizards/Bullets
63%
C:#11Brook LopezNets
63%
SF:#23Dominique WIlkinsHawks
63%
PG:#10Mike ConleyGrizzlies
63%
PF:#33Alonzo MourningHornets
61%
SG:#1Anthony EdwardsTimberwolves
61%
C:#11Bob McAdooClippers
61%
PG:#10Walt FrazierKnicks
61%
PF:#1Amar'e StoudemireSuns
58%
C:#40Bill LaimbeerPistons
58%
C:#15DeMarcus CousinsKings/Royals
58%
SG:#10Demar DerozanRaptors
58%
C:#7Jermaine O'nealPacers
58%
SG:#4Joe DumarsPistons
58%
SF:#24Rick BarryWarriors
58%
C:#41Wes UnseldWizards/Bullets
58%
C:#50Zach RandolphGrizzlies
58%
SF:#1Zion WilliamsonPelicans
58%
C:#53Artis GilmoreBulls
55%
PF:#4Chris WebberKings/Royals
55%
SG:#3CJ McCollumTrail Blazers
53%
SF:#45Donovan MitchellJazz
53%
C:#9Serge IbakaThunder/SuperSonics
53%
PF:#19Willis ReedKnicks
53%
PF:#11Elvin HayesWizards/Bullets
50%
SG:#0Gibert ArenasWizards/Bullets
50%
SF:#33Grant HIllPistons
50%
PF:#12LaMarcus AldridgeTrail Blazers
50%
SG:#44Pete MaravichHawks
50%
SG:#7Pete MaravichJazz
50%
SG:#4Sidney MoncriefBucks
50%
SF:#23Jimmy ButlerTimberwolves
45%
SG:#15Earl MonroeKnicks
42%
C:#53Mark EatonJazz
42%
C:#6Tyson ChandlerMavericks
42%
PF:#91Ron ArtestPacers
37%
SF:#16Peja StojakovicKings/Royals
34%
PF:#22Larry NanceCavaliers
32%
SF:#24Mark AguirreMavericks
29%
PG:#12Fat LeverNuggets
26%
C:#17Jonas ValanciunasRaptors
26%
SG:#1Nate ArchibaldKings/Royals
26%
PG:#4Victor OladipoPacers
26%
PG:#11Jamal CrawfordTimberwolves
16%

Score Distribution

Percentile by Number Answered

Percent of People with Each Score

Your Score History

You have not taken this quiz